Statystyki dla Europejski Złoty But 15/16 - piłka nożna

Kliknij tutaj aby rozwiązać quiz!

Ogólne statystyki

  • Ten quiz został rozwiązany 185 razy
    (99 od ostatniego zresetowania)
  • Średni wynik to 9 z 13

Statystyki odpowiedzi

GoleKrajLigaPiłkarz% Poprawnych
40UrugwajESPLuis Suárez
100%
35PortugaliaESPCristiano Ronaldo
94%
30PolskaGERRobert Lewandowski
89%
26ArgentynaESPLionel Messi
84%
25AngliaENGHarry Kane
81%
24BrazyliaESPNeymar
77%
25GabonGERPierre-Emerick Aubameyang
75%
24FrancjaESPKarim Benzema
73%
36ArgentynaITAGonzalo Higuain
69%
24ArgentynaENGSergio Agüero
65%
24AngliaENGJamie Vardy
38%
32BrazyliaPORJonas
24%
27AlgieriaPORIslam Slimani
23%

Rozkład punktacji

Percentyl według liczby udzielonych odpowiedzi

Procent ludzi z każdym wynikiem

Twoja historia wyników

Nie rozwiązałeś tego quizu od ostatniego zresetowania